Wird geladen...

Vallatha choodu /

Bibliographische Detailangaben
1. Verfasser: Thomas, George M.
Format: Printed Book
Sprache:Malayalam
Veröffentlicht: Thiruvananthapuram : KSSP , 1983.
LEADER 00458nam a2200133Ia 4500
008 150624b xxu||||| |||| 00| | mal d
082 |a 808.068 
100 |a Thomas, George M. 
245 |c George M. Thomas  |a Vallatha choodu / 
260 |a Thiruvananthapuram :  |b KSSP ,  |c 1983. 
546 |a In Malayalam. 
942 |c BK 
999 |c 79801  |d 79801 
952 |0 1  |1 0  |4 0  |6 808_068000000000000_THO_V  |7 0  |9 79745  |a UL  |b UL  |c ST1  |d 1998-09-15  |l 0  |o 808.068 THO/V  |p 55131  |r 2012-10-27  |w 2012-10-27  |y BK